[Event "V Festival Mare di Fano A"]
[Site "Fano ITA"]
[Date "2016.08.04"]
[Round "7"]
[White "Rigo, Janos"]
[Black "Matsenko, Andrei"]
[WhiteElo "2243"]
[BlackElo "2327"]
[Result "1/2-1/2"]
[PlyCount "77"]
[EventDate "2016.07.30"]

1. e4 c6 2. Nf3 d5 3. Nc3 Bg4 4. h3 Bxf3 5. Qxf3 e6 6. exd5 cxd5 7. Bb5+ Nc6 8.
O-O Nf6 9. Re1 Be7 10. Nd1 O-O 11. c3 a6 12. Ba4 b5 13. Bb3 Qc7 14. d3 h6 15.
Ne3 Ne5 16. Qe2 Ng6 17. Ng4 Rfc8 18. Nxf6+ Bxf6 19. d4 b4 20. Bd2 bxc3 21. bxc3
Qd6 22. Bc2 Nf8 23. Bd3 Bd8 24. Reb1 Nd7 25. Rb3 Rcb8 26. Qf3 Bc7 27. g3 e5 28.
Bf5 e4 29. Qg4 Nf8 30. Rab1 Qc6 31. h4 Rxb3 32. axb3 Qf6 33. Bf4 Bxf4 34. Qxf4
g6 35. Bh3 Qxf4 36. gxf4 f5 37. h5 Kg7 38. hxg6 Kxg6 39. f3 1/2-1/2

[Event "V Festival Mare di Fano A"]
[Site "Fano ITA"]
[Date "2016.08.04"]
[Round "7"]
[White "Sala, Sergio"]
[Black "Landi, Alberto"]
[WhiteElo "1919"]
[BlackElo "2004"]
[Result "0-1"]
[PlyCount "68"]
[EventDate "2016.07.30"]

1. e4 e6 2. Qe2 e5 3. Nf3 Nc6 4. g3 Bc5 5. Bg2 d6 6. c3 a5 7. Na3 Nf6 8. Nc2
Bg4 9. h3 Bh5 10. d3 O-O 11. Bg5 h6 12. Be3 Bxe3 13. Nxe3 d5 14. g4 Bg6 15. Nf5
Bxf5 16. gxf5 Nh5 17. O-O-O Nf4 18. Qf1 f6 19. Nh4 d4 20. c4 Qd6 21. Bf3 b5 22.
Ng6 Nxg6 23. fxg6 bxc4 24. dxc4 Rfb8 25. Bg4 Ne7 26. Bf5 Rb4 27. f3 Qc6 28. b3
a4 29. Kb2 axb3 30. axb3 Rab8 31. Rd3 Nxf5 32. exf5 Rxc4 33. Qd1 Rc3 34. Rh2
Qc4 0-1

[Event "V Festival Mare di Fano A"]
[Site "Fano ITA"]
[Date "2016.08.04"]
[Round "7"]
[White "Scarpa, Silvia"]
[Black "Fisabilillah, Ummi"]
[WhiteElo "1926"]
[BlackElo "2099"]
[Result "1/2-1/2"]
[PlyCount "41"]
[EventDate "2016.07.30"]

1. e4 e6 2. d4 d5 3. e5 c5 4. c3 Nc6 5. Nf3 Qb6 6. Be2 cxd4 7. cxd4 Nh6 8. Nc3
Nf5 9. Na4 Bb4+ 10. Bd2 Qa5 11. Bc3 Bxc3+ 12. Nxc3 Qb6 13. Bb5 Bd7 14. Bxc6
Bxc6 15. Qd2 Bb5 16. Nxb5 Qxb5 17. Qe2 Qb6 18. Qd2 O-O 19. O-O Rac8 20. Rac1 h6
21. Rc3 1/2-1/2

[Event "V Festival Mare di Fano A"]
[Site "Fano ITA"]
[Date "2016.08.04"]
[Round "7"]
[White "Setyaki, Azarya Jodi"]
[Black "Brancaleoni, Maurizio"]
[WhiteElo "2325"]
[BlackElo "2229"]
[Result "1/2-1/2"]
[PlyCount "86"]
[EventDate "2016.07.30"]

1. e4 e5 2. Nf3 Nc6 3. Nc3 Nf6 4. h3 Bb4 5. Bd3 O-O 6. a3 Bxc3 7. dxc3 d5 8.
exd5 Qxd5 9. c4 Qd6 10. Be2 Qe7 11. Bg5 Rd8 12. Qc1 e4 13. Nh2 Nd4 14. Bd1 Be6
15. b3 h6 16. Bf4 a6 17. Be5 Bf5 18. Qf4 g5 19. Qg3 Nh5 20. Bxh5 Nxc2+ 21. Ke2
Rd3 22. f3 Nxa1 23. Ng4 Bxg4 24. hxg4 Nxb3 25. Bxf7+ Kxf7 26. Rxh6 Qc5 27. Rh7+
Kg6 28. Rh6+ Kf7 29. Rh7+ Ke6 30. Rh6+ Kf7 31. Rh7+ Ke8 32. Rh8+ Kf7 33. Rh7+
Ke6 34. Rh6+ Kf7 35. Rh7+ Ke6 36. Rh6+ Kf7 37. Rh7+ Kf8 38. Rh8+ Ke7 39. Rh7+
Ke6 40. Rh6+ Ke7 41. Rh7+ Ke6 42. Rh6+ Kf7 43. Rh7+ Ke6 1/2-1/2

[Event "V Festival Mare di Fano A"]
[Site "Fano ITA"]
[Date "2016.08.04"]
[Round "7"]
[White "Varvaglione, Antonio"]
[Black "Matsenko, Vadim"]
[WhiteElo "2189"]
[BlackElo "2132"]
[Result "1-0"]
[PlyCount "159"]
[EventDate "2016.07.30"]

1. e4 c5 2. Nf3 d6 3. d4 cxd4 4. Nxd4 Nf6 5. Nc3 Nc6 6. Bg5 Bd7 7. f3 Qa5 8.
Be3 a6 9. Nb3 Qc7 10. g4 h6 11. Qd2 Ne5 12. Be2 b5 13. O-O-O e6 14. h4 b4 15.
Nb1 Nc4 16. Bxc4 Qxc4 17. g5 Nh5 18. Nc5 Bc6 19. b3 Qb5 20. Nd3 a5 21. Rhg1
O-O-O 22. a4 Qa6 23. Ne5 Be8 24. Nc4 Kb8 25. Qd4 f6 26. gxh6 g6 27. Qb6+ Qxb6
28. Bxb6 Rd7 29. Bxa5 Nf4 30. Kb2 d5 31. exd5 Nxd5 32. Nb6 Nxb6 33. Bxb6 Rxh6
34. Rxd7 Bxd7 35. Rd1 Kc8 36. Rd4 Rh7 37. Ba5 f5 38. Rc4+ Kb7 39. Bxb4 Bg7+ 40.
Bc3 Bxc3+ 41. Kxc3 Bc6 42. Nd2 e5 43. Kd3 Kb6 44. Rb4+ Kc5 45. c3 Rh8 46. Ke2
f4 47. Ne4+ Kd5 48. Rb6 Rc8 49. a5 Ke6 50. c4 Rc7 51. Nc5+ Kf5 52. b4 e4 53.
Nxe4 Bxe4 54. fxe4+ Kxe4 55. a6 Rxc4 56. a7 Rc2+ 57. Ke1 Ra2 58. Rb7 Ra1+ 59.
Kd2 f3 60. Re7+ Kd4 61. Rd7+ Ke4 62. Rf7 f2 63. Kc3 Rxa7 64. Rxf2 Rh7 65. Rd2
Rc7+ 66. Kb3 Ke5 67. Rg2 Rh7 68. Rg4 Kf5 69. Rc4 Rh8 70. b5 Ke6 71. Kb4 Rb8 72.
Rc6+ Kd7 73. Rxg6 Kc7 74. b6+ Kb7 75. h5 Rh8 76. h6 Ka6 77. Kc5 Rh7 78. b7+ Ka7
79. b8=Q+ Kxb8 80. Rg8+ 1-0

[Event "V Festival Mare di Fano A"]
[Site "Fano ITA"]
[Date "2016.08.04"]
[Round "7"]
[White "Villar Nieves, Antonio"]
[Black "Altieri, Danilo Mario"]
[WhiteElo "2175"]
[BlackElo "2037"]
[Result "1-0"]
[PlyCount "117"]
[EventDate "2016.07.30"]

1. e4 d6 2. d4 Nf6 3. Nc3 e5 4. Nf3 Nbd7 5. Bc4 Be7 6. h3 O-O 7. O-O c6 8. a4
b6 9. Re1 a6 10. Qe2 Bb7 11. Bb3 b5 12. axb5 cxb5 13. dxe5 dxe5 14. Rd1 Qc7 15.
Nd5 Nxd5 16. Bxd5 Bxd5 17. Rxd5 f6 18. Nh4 Nb6 19. Rd3 Rfd8 20. Rg3 Bf8 21. Nf5
g6 22. h4 Kh8 23. Ne3 Bc5 24. Ng4 Qd7 25. Rd3 Qe7 26. Rxd8+ Qxd8 27. Qf3 Be7
28. Be3 Qc7 29. h5 g5 30. Nxf6 Rf8 31. Bxb6 Qxb6 32. Nd7 Rxf3 33. Nxb6 Rf7 34.
Rxa6 Bc5 35. Nd5 Bxf2+ 36. Kh2 g4 37. h6 Kg8 38. Ra8+ Rf8 39. Nf6+ Kf7 40.
Rxf8+ Kxf8 41. Nxg4 Bc5 42. Kh3 Bd6 43. Ne3 Kf7 44. Kg4 Kg6 45. Nf5 Bf8 46. c3
Bc5 47. b3 Bf8 48. c4 bxc4 49. bxc4 Bc5 50. Nh4+ Kxh6 51. Kf5 Kh5 52. Nf3 Be3
53. Nxe5 Kh4 54. g4 h6 55. Nf7 h5 56. gxh5 Kxh5 57. e5 Bc5 58. e6 Be7 59. Ne5
1-0

[Event "V Festival Mare di Fano A"]
[Site "Fano ITA"]
[Date "2016.08.04"]
[Round "7"]
[White "Weichhold, Pawel"]
[Black "Klekowski, Maciej"]
[WhiteElo "2387"]
[BlackElo "2429"]
[Result "1/2-1/2"]
[PlyCount "28"]
[EventDate "2016.07.30"]

1. e4 e5 2. Nf3 Nc6 3. Bb5 a6 4. Ba4 Nf6 5. O-O b5 6. Bb3 Be7 7. Re1 O-O 8. c3
d6 9. h3 Bb7 10. d4 Re8 11. Ng5 Rf8 12. Nf3 Re8 13. Ng5 Rf8 14. Nf3 Re8 1/2-1/2

[Event "V Festival Mare di Fano A"]
[Site "Fano ITA"]
[Date "2016.08.05"]
[Round "8"]
[White "Altieri, Danilo Mario"]
[Black "Matsenko, Vadim"]
[WhiteElo "2037"]
[BlackElo "2132"]
[Result "0-1"]
[PlyCount "56"]
[EventDate "2016.07.30"]

1. c4 e6 2. g3 d5 3. Bg2 Nf6 4. b3 Be7 5. Bb2 O-O 6. e3 c6 7. d3 Nbd7 8. Ne2
Re8 9. O-O b6 10. Nd2 Bb7 11. h3 Qc7 12. f4 e5 13. Rc1 dxc4 14. Nxc4 exf4 15.
exf4 c5 16. Bxb7 Qxb7 17. d4 Rad8 18. Qc2 cxd4 19. Nxd4 Nc5 20. Nf5 Nd3 21.
Nxe7+ Qxe7 22. Bxf6 Qxf6 23. Rcd1 Qg6 24. Qg2 b5 25. Nd2 Re3 26. Rf3 Ne1 27.
Rxe3 Nxg2 28. Kxg2 Qc2 0-1

[Event "V Festival Mare di Fano A"]
[Site "Fano ITA"]
[Date "2016.08.05"]
[Round "8"]
[White "Aulia, Virda Rizka"]
[Black "Sala, Sergio"]
[WhiteElo "1918"]
[BlackElo "1919"]
[Result "1-0"]
[PlyCount "35"]
[EventDate "2016.07.30"]

1. e4 Nf6 2. d3 e5 3. g3 Bc5 4. Bg2 d6 5. Nf3 O-O 6. O-O Bg4 7. h3 Be6 8. c3
Nc6 9. d4 Bc4 10. dxc5 Bxf1 11. Qxf1 dxc5 12. Qe2 Qd6 13. Bg5 Rfd8 14. Nbd2 Rd7
15. Qb5 a6 16. Qxb7 Rb8 17. Qxa6 Rxb2 18. Nc4 1-0

[Event "V Festival Mare di Fano A"]
[Site "Fano ITA"]
[Date "2016.08.05"]
[Round "8"]
[White "Cirelli, Alessandro"]
[Black "Lavorgna, Filippo"]
[WhiteElo "1935"]
[BlackElo "1849"]
[Result "1-0"]
[PlyCount "73"]
[EventDate "2016.07.30"]

1. e4 c6 2. d4 d5 3. Nc3 dxe4 4. Nxe4 Bf5 5. Ng3 Bg6 6. h4 h6 7. Nf3 Nd7 8. Bd3
Bxd3 9. Qxd3 e6 10. O-O Ngf6 11. Re1 Be7 12. h5 O-O 13. Bf4 c5 14. Rad1 cxd4
15. Nxd4 Re8 16. c3 a6 17. Qc2 Rc8 18. a4 Qa5 19. b4 Qb6 20. a5 Qa7 21. Qd3 Nd5
22. Bd2 Qb8 23. Nxe6 fxe6 24. Bxh6 Nf8 25. Bxg7 Kxg7 26. Rxe6 Nf4 27. Nf5+ Kf7
28. Nh6+ Kg7 29. Nf5+ Kf7 30. Nh6+ Kg7 31. Qg3+ N8g6 32. Rxg6+ Kh7 33. Qg4 Bf6
34. Rxf6 Ne2+ 35. Kh1 Rg8 36. Rd7+ Kh8 37. Nf7+ 1-0

[Event "V Festival Mare di Fano A"]
[Site "Fano ITA"]
[Date "2016.08.05"]
[Round "8"]
[White "Csonka, Attila Istvan"]
[Black "Setyaki, Azarya Jodi"]
[WhiteElo "2316"]
[BlackElo "2325"]
[Result "0-1"]
[PlyCount "94"]
[EventDate "2016.07.30"]

1. e4 g6 2. d4 Bg7 3. Nc3 d6 4. Nf3 a6 5. Bc4 e6 6. a4 b6 7. O-O Bb7 8. Bg5 Ne7
9. Qd2 h6 10. Be3 Nd7 11. Rad1 Nf6 12. d5 e5 13. Ne1 Ng4 14. f3 Nxe3 15. Qxe3
O-O 16. Ne2 Qe8 17. b3 f5 18. a5 b5 19. Bd3 f4 20. Qd2 g5 21. c4 bxc4 22. Bxc4
h5 23. Rc1 Rf7 24. Rc3 Ng6 25. Nd3 g4 26. Kh1 Bf6 27. Ng1 Rg7 28. Rfc1 Nh4 29.
Ne1 Bc8 30. Bf1 Bd8 31. b4 Rb8 32. Rc6 Ra8 33. R1c3 Qg6 34. Qc2 Kh8 35. Rxc7
Bxc7 36. Rxc7 Bd7 37. Bxa6 Rxa6 38. Rxd7 Rg8 39. Qe2 Raa8 40. a6 Rac8 41. Qf2
gxf3 42. Nexf3 Nxf3 43. Qxf3 Rc2 44. Ne2 Ra2 45. a7 Qg4 46. Ng1 Qxf3 47. Nxf3
Ra1+ 0-1

[Event "V Festival Mare di Fano A"]
[Site "Fano ITA"]
[Date "2016.08.05"]
[Round "8"]
[White "Fier, Alexandr"]
[Black "Lioe, Dede"]
[WhiteElo "2616"]
[BlackElo "2357"]
[Result "1-0"]
[PlyCount "129"]
[EventDate "2016.07.30"]

1. d4 Nf6 2. c4 g6 3. g3 Bg7 4. Bg2 d5 5. cxd5 Nxd5 6. Nf3 O-O 7. O-O Nb6 8.
Nc3 Nc6 9. d5 Na5 10. e4 c6 11. Bf4 Nac4 12. dxc6 Qxd1 13. Nxd1 bxc6 14. e5 Bg4
15. Re1 Bxf3 16. Bxf3 g5 17. Bxg5 Nxe5 18. Be2 Nd5 19. Rc1 a5 20. a3 Rfc8 21.
Rc2 e6 22. Bd2 Ng6 23. Nc3 Rcb8 24. Na4 Nge7 25. Bd3 Nb6 26. Nc5 Nbd5 27. Bc1
Bd4 28. Re4 Bg7 29. Re1 Rd8 30. Be4 Rab8 31. Kg2 Rb5 32. Na4 Bd4 33. Bd2 Ra8
34. Rd1 e5 35. Re1 Kg7 36. Bd3 Rbb8 37. Bc1 f5 38. Nc5 Bxc5 39. Rxc5 Kf6 40.
Bc4 Rb6 41. b3 Ke6 42. Bd2 a4 43. b4 Kd6 44. Bg5 Ra7 45. Rd1 Rd7 46. Ra5 Ke6
47. Rxa4 Rbb7 48. Ra6 Ra7 49. Rxa7 Rxa7 50. Bxe7 Kxe7 51. Bxd5 cxd5 52. Rxd5
Ke6 53. Ra5 Rc7 54. Ra6+ Kd5 55. Rf6 f4 56. gxf4 e4 57. Rf8 Rc2 58. Rd8+ Ke6
59. b5 Kf5 60. Rf8+ Kg6 61. Re8 Kf5 62. a4 Rb2 63. Rf8+ Kg6 64. Re8 Kf5 65. a5
1-0

[Event "V Festival Mare di Fano A"]
[Site "Fano ITA"]
[Date "2016.08.05"]
[Round "8"]
[White "Fisabilillah, Ummi"]
[Black "Gonzalez Diaz, Julio"]
[WhiteElo "2099"]
[BlackElo "2273"]
[Result "0-1"]
[PlyCount "108"]
[EventDate "2016.07.30"]

1. e4 g6 2. d4 Bg7 3. c3 d6 4. h3 Nf6 5. Bd3 O-O 6. Nf3 Nc6 7. O-O e5 8. dxe5
Nxe5 9. Nxe5 dxe5 10. Qe2 Qe7 11. Nd2 Bh6 12. Nf3 Bxc1 13. Raxc1 b6 14. Qe3 Kg7
15. Qg5 Re8 16. Bb5 h6 17. Qe3 Rd8 18. Bc6 Rb8 19. Rfd1 Rd6 20. Rxd6 Qxd6 21.
Ba4 Bb7 22. Rd1 Qe7 23. Bc2 a5 24. Nh2 Rd8 25. Rxd8 Qxd8 26. Nf1 Qd7 27. Ng3
Qb5 28. b3 Qd7 29. Qd3 Qe7 30. Bd1 Qa3 31. Qc2 Qc5 32. Bf3 Ne8 33. Qb2 Nd6 34.
b4 Qc6 35. bxa5 bxa5 36. Qa3 Qb6 37. Qa4 Qc5 38. Qb3 Ba6 39. h4 h5 40. Qb2 Bb7
41. Qc1 f6 42. Qd2 Ba6 43. Qb2 Bc4 44. Qd2 Qa3 45. Bxh5 gxh5 46. Nxh5+ Kg6 47.
Nxf6 Kxf6 48. Qg5+ Ke6 49. h5 Qxc3 50. h6 Qe1+ 51. Kh2 Qxe4 52. Qg8+ Nf7 53. h7
Qh4+ 54. Kg1 Kf6 0-1

[Event "V Festival Mare di Fano A"]
[Site "Fano ITA"]
[Date "2016.08.05"]
[Round "8"]
[White "Khadijah, Qurota'ain"]
[Black "Marzocchi, Tommaso"]
[WhiteElo "1996"]
[BlackElo "2068"]
[Result "1-0"]
[PlyCount "55"]
[EventDate "2016.07.30"]

1. e4 c5 2. Nf3 Nc6 3. d4 cxd4 4. Nxd4 Nf6 5. Nc3 e5 6. Ndb5 d6 7. Bg5 a6 8.
Bxf6 gxf6 9. Na3 b5 10. Nd5 Bg7 11. g3 f5 12. Bg2 fxe4 13. Bxe4 Ra7 14. Nf6+
Qxf6 15. Bxc6+ Bd7 16. Bxd7+ Rxd7 17. Qd5 O-O 18. O-O Qe6 19. Rfd1 Rc8 20. c3
Qe8 21. Nc2 Rc5 22. Qb3 d5 23. a4 Qe6 24. Nb4 e4 25. Nc2 f5 26. Nd4 Bxd4 27.
cxd4 bxa4 28. Qb8+ 1-0

[Event "V Festival Mare di Fano A"]
[Site "Fano ITA"]
[Date "2016.08.05"]
[Round "8"]
[White "Laketic, Gojko"]
[Black "Wieczorek, Oskar"]
[WhiteElo "2413"]
[BlackElo "2458"]
[Result "1/2-1/2"]
[PlyCount "42"]
[EventDate "2016.07.30"]

1. d4 Nf6 2. c4 g6 3. Nc3 Bg7 4. e4 d6 5. Nf3 O-O 6. Be2 c5 7. O-O cxd4 8. Nxd4
Nc6 9. Be3 Nxd4 10. Bxd4 Bd7 11. Qd2 Bc6 12. f3 a5 13. b3 Nd7 14. Be3 Nc5 15.
Rab1 e6 16. Rfd1 Be5 17. Bd4 Qe7 18. Bf1 Rfd8 19. Qe3 Bxd4 20. Rxd4 e5 21. Rd2
Ne6 1/2-1/2

[Event "V Festival Mare di Fano A"]
[Site "Fano ITA"]
[Date "2016.08.05"]
[Round "8"]
[White "Legowo, Parahita Millyena"]
[Black "Di Chiara, Mauro"]
[WhiteElo "2085"]
[BlackElo "1934"]
[Result "0-1"]
[PlyCount "82"]
[EventDate "2016.07.30"]

1. e4 c5 2. Nf3 Nc6 3. Bb5 g6 4. O-O Bg7 5. c3 Nf6 6. Re1 O-O 7. d3 d5 8. e5
Ne8 9. Bxc6 bxc6 10. Be3 Rb8 11. Qc2 Qa5 12. Nbd2 Qb5 13. a4 Qxb2 14. Qxb2 Rxb2
15. Bxc5 Nc7 16. Bxe7 Re8 17. Bd6 Ne6 18. g3 Ba6 19. c4 Bh6 20. Red1 Bxd2 21.
Rxd2 Rb3 22. Rc1 dxc4 23. Kg2 Rxd3 24. Rxd3 cxd3 25. Bc5 Nxc5 26. Rxc5 Rb8 27.
Rxc6 Bb7 28. Rd6 Re8 29. Rxd3 Rxe5 30. Rd7 Bc6 31. Rd6 Bd5 32. g4 h5 33. gxh5
Rg5+ 34. Kf1 Bxf3 35. hxg6 Rxg6 36. Rd3 Bg2+ 37. Ke1 Re6+ 38. Kd2 Bc6 39. a5
Rh6 40. h3 a6 41. Kc3 Rh5 0-1

[Event "V Festival Mare di Fano A"]
[Site "Fano ITA"]
[Date "2016.08.05"]
[Round "8"]
[White "Matsenko, Andrei"]
[Black "Aulia, Medina Warda"]
[WhiteElo "2327"]
[BlackElo "2382"]
[Result "1/2-1/2"]
[PlyCount "77"]
[EventDate "2016.07.30"]

1. d4 e6 2. c4 Nf6 3. Nf3 d5 4. Nc3 Be7 5. cxd5 exd5 6. Bg5 O-O 7. e3 Nbd7 8.
Bd3 c6 9. O-O h6 10. Bh4 Re8 11. Rb1 a5 12. Qc2 Nf8 13. a3 Bd6 14. b4 axb4 15.
axb4 Bg4 16. Nd2 Bd7 17. Kh1 b5 18. e4 dxe4 19. Ncxe4 Be7 20. Bxf6 Bxf6 21. Nf3
Ne6 22. Nd6 Rf8 23. Bh7+ Kh8 24. Be4 Nxd4 25. Nxd4 Bxd4 26. Rbd1 Be5 27. Nxb5
Qe7 28. Nd4 Rac8 29. f4 Bb8 30. Nxc6 Bxc6 31. Bxc6 Qxb4 32. Qe4 Qxe4 33. Bxe4
Rc4 34. Bd5 Rxf4 35. Rxf4 Bxf4 36. Rf1 Be5 37. Bxf7 g5 38. Bc4 Rxf1+ 39. Bxf1
1/2-1/2

[Event "V Festival Mare di Fano A"]
[Site "Fano ITA"]
[Date "2016.08.05"]
[Round "8"]
[White "Mazzini, Mauro"]
[Black "Esposti, Federico"]
[WhiteElo "2191"]
[BlackElo "2063"]
[Result "1-0"]
[PlyCount "101"]
[EventDate "2016.07.30"]

1. e4 c5 2. Nc3 d6 3. f4 Nc6 4. Nf3 g6 5. Bb5 Bd7 6. O-O Bg7 7. d3 e6 8. Bxc6
Bxc6 9. f5 e5 10. Qe1 Nf6 11. fxg6 fxg6 12. Bg5 O-O 13. Nd2 Qd7 14. Nc4 Rf7 15.
Qe2 Raf8 16. Rf2 Ne8 17. Rxf7 Rxf7 18. Rf1 Rxf1+ 19. Kxf1 Nc7 20. Ne3 d5 21.
exd5 Nxd5 22. Nexd5 Bxd5 23. Nxd5 Qxd5 24. c4 Qf7+ 25. Ke1 Qf5 26. Bc1 h5 27.
Qe4 Qxe4+ 28. dxe4 Kf7 29. Ke2 Ke6 30. Kf3 Bf6 31. g4 Bd8 32. Be3 b6 33. Kg2
Bh4 34. gxh5 gxh5 35. Kh3 Be1 36. Bg5 a6 37. Kg2 b5 38. Kf1 Ba5 39. cxb5 axb5
40. Ke2 c4 41. Bd2 Bxd2 42. Kxd2 Kd6 43. Kc3 Kc5 44. a3 h4 45. h3 Kc6 46. Kb4
Kb6 47. a4 bxa4 48. Kxc4 Ka5 49. Kc5 Ka6 50. Kb4 Kb6 51. Kxa4 1-0

[Event "V Festival Mare di Fano A"]
[Site "Fano ITA"]
[Date "2016.08.05"]
[Round "8"]
[White "Moroni, Luca jr"]
[Black "Weichhold, Pawel"]
[WhiteElo "2457"]
[BlackElo "2387"]
[Result "0-1"]
[PlyCount "76"]
[EventDate "2016.07.30"]

1. d4 Nf6 2. Nf3 g6 3. g3 Bg7 4. Bg2 O-O 5. c4 d6 6. O-O Nc6 7. Nc3 Bg4 8. d5
Na5 9. Qd3 c5 10. h3 Bd7 11. e4 a6 12. e5 Ne8 13. Bf4 b5 14. b3 bxc4 15. bxc4
Rb8 16. Nd1 h6 17. Rc1 g5 18. Bxg5 dxe5 19. Be3 Qc7 20. g4 Nd6 21. Nd2 f5 22.
gxf5 Nxf5 23. Nc3 Nd4 24. Rb1 Rbc8 25. Nce4 Nb7 26. Qa3 Nd6 27. Qxa6 Bf5 28.
Qb6 Qd7 29. Kh2 Bxe4 30. Bxe4 Rf6 31. Bg2 Qf5 32. Qa7 Rg6 33. Rb8 e4 34. Rxc8+
Nxc8 35. Qxc5 Nf3+ 36. Kh1 Rxg2 37. Kxg2 Nh4+ 38. Kg3 Qg6+ 0-1

[Event "V Festival Mare di Fano A"]
[Site "Fano ITA"]
[Date "2016.08.05"]
[Round "8"]
[White "Murin, Janos"]
[Black "Lindiawati, Evi"]
[WhiteElo "2107"]
[BlackElo "2022"]
[Result "0-1"]
[PlyCount "120"]
[EventDate "2016.07.30"]

1. Nf3 f5 2. g3 Nf6 3. Bg2 g6 4. c4 Bg7 5. Nc3 c5 6. d3 Nc6 7. e3 O-O 8. O-O
Kh8 9. a3 d6 10. Rb1 Ne8 11. Qc2 a5 12. b3 Nc7 13. Bb2 e5 14. Nd5 Bd7 15. Nd2
Rb8 16. f4 b6 17. Rbe1 Ne7 18. Nxe7 Qxe7 19. Nb1 Be6 20. Nc3 Qd7 21. a4 Bg8 22.
Re2 Rbe8 23. e4 exf4 24. gxf4 Ne6 25. Nb5 fxe4 26. Rxe4 d5 27. cxd5 Nc7 28.
Bxg7+ Qxg7 29. Nxc7 Qxc7 30. Qc3+ Qg7 31. Qxg7+ Kxg7 32. Re5 Rd8 33. f5 Kf6 34.
Re3 gxf5 35. Be4 Ke5 36. Bxf5+ Kxd5 37. Re7 Kd6 38. Rb7 Rb8 39. Rxb8 Rxb8 40.
Rb1 Rf8 41. Be4 h6 42. Bb7 Ke5 43. Ba6 Kd4 44. Kg2 Bd5+ 45. Kg3 Rf3+ 46. Kg4
h5+ 47. Kxh5 Rh3+ 48. Kg4 Rxh2 49. Kf4 Rf2+ 50. Kg4 Kc3 51. Kg3 Rb2 52. Rf1
Bxb3 53. Bb5 Bc2 54. Rf3 Rb4 55. Rf6 Bxa4 56. Bxa4 Rxa4 57. Rxb6 Kxd3 58. Kf3
Rb4 59. Rd6+ Rd4 60. Ra6 a4 0-1

[Event "V Festival Mare di Fano A"]
[Site "Fano ITA"]
[Date "2016.08.05"]
[Round "8"]
[White "Paler, Adrian"]
[Black "Cavalieri, Riccardo"]
[WhiteElo "2066"]
[BlackElo "1937"]
[Result "1-0"]
[PlyCount "79"]
[EventDate "2016.07.30"]

1. e4 c5 2. Nf3 e6 3. b3 Nc6 4. Bb2 b6 5. g3 Bb7 6. Bg2 Nf6 7. e5 Ng4 8. h3 Nh6
9. O-O d5 10. exd6 Nf5 11. Na3 Nxd6 12. Qe2 Qc7 13. Rfd1 O-O-O 14. c3 Kb8 15.
d4 cxd4 16. cxd4 Nb4 17. Rac1 Qe7 18. Nc4 Nd5 19. Ba3 Qf6 20. Nce5 h5 21. h4
Nf5 22. Bxf8 Rhxf8 23. Nc6+ Bxc6 24. Rxc6 Nfe7 25. Rc4 Qf5 26. Kh2 Nf6 27. Ne5
Ng4+ 28. Nxg4 hxg4 29. Kg1 Nd5 30. a4 Rc8 31. Rdc1 Nf6 32. Rxc8+ Rxc8 33. Rxc8+
Kxc8 34. Qa6+ Kd8 35. Qxa7 Qb1+ 36. Kh2 Qxb3 37. Bc6 Kc8 38. Qb7+ Kd8 39. Qb8+
Ke7 40. Qc7+ 1-0

[Event "V Festival Mare di Fano A"]
[Site "Fano ITA"]
[Date "2016.08.05"]
[Round "8"]
[White "Purnama, Tirta Chandra"]
[Black "Kholopov, Alexander A"]
[WhiteElo "2337"]
[BlackElo "2289"]
[Result "0-1"]
[PlyCount "78"]
[EventDate "2016.07.30"]

1. d4 d5 2. Nf3 Bf5 3. c4 e6 4. Nc3 Nf6 5. cxd5 exd5 6. Qb3 Nc6 7. Bg5 Na5 8.
Qa4+ c6 9. e3 Qb6 10. O-O-O Bb4 11. Nd2 Nd7 12. f3 O-O 13. e4 h6 14. Be3 Bg6
15. Qc2 Rac8 16. Kb1 Nf6 17. Bd3 c5 18. Na4 Qc6 19. dxc5 Rfd8 20. Ka1 b5 21. a3
Bxd2 22. Bxd2 dxe4 23. fxe4 Rxd3 24. Qxd3 Nb7 25. Nc3 Nxc5 26. Qc2 Qe6 27. Rhe1
Nfxe4 28. b4 Nxd2 29. Rxe6 Bxc2 30. bxc5 Bxd1 31. Rd6 Rxc5 32. Rxd2 Rxc3 33.
Rxd1 Rxa3+ 34. Kb2 Ra4 35. Rd2 g5 36. h3 Kg7 37. Rd6 f6 38. Kb3 h5 39. Rd5 a6
0-1

[Event "V Festival Mare di Fano A"]
[Site "Fano ITA"]
[Date "2016.08.05"]
[Round "8"]
[White "Rago, Riccardo"]
[Black "Liepold, Stefan"]
[WhiteElo "2042"]
[BlackElo "2236"]
[Result "1/2-1/2"]
[PlyCount "29"]
[EventDate "2016.07.30"]

1. Nf3 Nf6 2. d4 g6 3. c4 Bg7 4. Nc3 d5 5. e3 O-O 6. Be2 c5 7. O-O cxd4 8. Nxd4
Nc6 9. cxd5 Nxd5 10. Nxd5 Qxd5 11. Bf3 Qc5 12. Nxc6 bxc6 13. Qa4 Rb8 14. Rb1
Qb5 15. Qxb5 1/2-1/2

[Event "V Festival Mare di Fano A"]
[Site "Fano ITA"]
[Date "2016.08.05"]
[Round "8"]
[White "Rezzuti, Vincenzo"]
[Black "Lavorgna, Francesco"]
[WhiteElo "1937"]
[BlackElo "1887"]
[Result "0-1"]
[PlyCount "46"]
[EventDate "2016.07.30"]

1. e4 c6 2. d4 d5 3. exd5 cxd5 4. c4 Nf6 5. Nc3 e6 6. Nf3 Be7 7. c5 O-O 8. b4
b6 9. Bd3 Bb7 10. O-O Ne4 11. Qc2 Nxc3 12. Qxc3 a5 13. bxa5 bxc5 14. Rb1 Ba6
15. dxc5 Bxd3 16. Qxd3 Rxa5 17. Bf4 Nc6 18. Rfc1 Qd7 19. Rb5 Ne5 20. Nxe5 Qxb5
21. Qxb5 Rxb5 22. Nd7 Rc8 23. c6 Ba3 0-1

[Event "V Festival Mare di Fano A"]
[Site "Fano ITA"]
[Date "2016.08.05"]
[Round "8"]
[White "Romanishin, Oleg M"]
[Black "Nemeth, Miklos"]
[WhiteElo "2433"]
[BlackElo "2467"]
[Result "1/2-1/2"]
[PlyCount "91"]
[EventDate "2016.07.30"]

1. Nf3 d5 2. g3 Nf6 3. Bg2 c6 4. O-O Bg4 5. c4 e6 6. Ne5 Bh5 7. d4 Nbd7 8. Nc3
Be7 9. Qb3 Qb6 10. Nxd7 Nxd7 11. e4 dxe4 12. Nxe4 O-O 13. Be3 Bg6 14. Qc3 Qb4
15. Qxb4 Bxb4 16. c5 e5 17. dxe5 Nxe5 18. a3 Bxe4 19. Bxe4 Ba5 20. b4 Bc7 21.
Bf4 f6 22. Rad1 Rad8 23. Kg2 a6 24. Bc2 Kf7 25. Bc1 Rfe8 26. Rfe1 Ng6 27. Rxe8
Kxe8 28. Rxd8+ Kxd8 29. f4 a5 30. h4 axb4 31. axb4 Nf8 32. Be3 g6 33. g4 Ke7
34. Kf3 Bd8 35. f5 Kf7 36. Bb3+ Kg7 37. Ke4 Nd7 38. Bd4 b6 39. Be6 bxc5 40.
bxc5 Nf8 41. Bc8 Be7 42. Bf2 Kf7 43. Kd4 Ke8 44. Bb7 Nd7 45. Bxc6 Bxc5+ 46. Kd5
1/2-1/2

[Event "V Festival Mare di Fano A"]
[Site "Fano ITA"]
[Date "2016.08.05"]
[Round "8"]
[White "Scarpa, Silvia"]
[Black "Corvi, Marco"]
[WhiteElo "1926"]
[BlackElo "2343"]
[Result "0-1"]
[PlyCount "96"]
[EventDate "2016.07.30"]

1. e4 Nf6 2. e5 Nd5 3. c4 Nb6 4. d4 d6 5. exd6 exd6 6. Nc3 Be7 7. Bd3 Nc6 8.
Nge2 O-O 9. O-O Bf6 10. b3 Bg4 11. f3 Bh5 12. Be3 Re8 13. Bf2 Bg6 14. Bxg6 hxg6
15. Ne4 d5 16. Nxf6+ gxf6 17. c5 Nd7 18. Nc3 Nf8 19. f4 Ne7 20. Qf3 c6 21. g4
f5 22. g5 Ne6 23. Rae1 b6 24. Ne2 Qc7 25. Be3 Kg7 26. Qg2 Rh8 27. Rf3 Rad8 28.
Rd1 Qb8 29. Rh3 Rxh3 30. Qxh3 Rh8 31. Qg2 Rh4 32. Qf2 Qh8 33. Ng3 Rh3 34. Qe2
Qh4 35. Bc1 Kg8 36. Qf2 Qg4 37. Re1 Rh4 38. Qe2 bxc5 39. Qxg4 Rxg4 40. dxc5 d4
41. b4 Nd5 42. b5 cxb5 43. Re5 Ndxf4 44. Bxf4 Rxf4 45. c6 d3 46. Rxb5 d2 47.
Rb1 Rc4 48. Ne2 Rxc6 0-1

[Event "V Festival Mare di Fano A"]
[Site "Fano ITA"]
[Date "2016.08.05"]
[Round "8"]
[White "Szukics, Adam"]
[Black "Klekowski, Maciej"]
[WhiteElo "2140"]
[BlackElo "2429"]
[Result "1/2-1/2"]
[PlyCount "54"]
[EventDate "2016.07.30"]

1. e4 c5 2. Nf3 Nc6 3. Bb5 e6 4. O-O Nge7 5. c3 a6 6. Ba4 b5 7. Bc2 Bb7 8. Qe2
d5 9. e5 d4 10. a4 Nd5 11. axb5 axb5 12. Rxa8 Qxa8 13. Be4 Nc7 14. d3 Be7 15.
Bg5 Bxg5 16. Nxg5 h6 17. Nf3 O-O 18. cxd4 Nxd4 19. Nxd4 cxd4 20. Nd2 Nd5 21.
Nb3 Qa2 22. Bxd5 Bxd5 23. Nxd4 Qa4 24. Nc2 Rc8 25. Ne3 Bb7 26. d4 Rd8 27. Rd1
Be4 1/2-1/2